Szybkie pisanie ALFABET - Statystyki

Ogólne statystyki
  • Ten quiz został rozwiązany 369 razy
  • Średni wynik to 18 z 26
Statystyki odpowiedzi
LITERA % Poprawnych
A
100%
B
96%
C
95%
D
93%
E
93%
F
90%
G
90%
H
90%
I
89%
J
89%
K
89%
L
89%
M
86%
N
85%
O
84%
P
84%
Q
53%
R
51%
S
49%
T
47%
U
42%
V
31%
W
28%
X
21%
Y
20%
Z
20%
Nie znaleziono quizów pasujących do podanych kryteriów
Rozkład punktacji
Procent ludzi z każdym wynikiem
Percentyl według liczby udzielonych odpowiedzi
Twoja historia wyników
Nie rozwiązałeś tego quizu